Welcome to CU Library Online Public Access Catalogue (OPAC)

THE REVELATION (Record no. 7012)

MARC details
000 -LEADER
fixed length control field 00427nam a22001577a 4500
005 - DATE AND TIME OF LATEST TRANSACTION
control field 20250716165942.0
008 - FIXED-LENGTH DATA ELEMENTS--GENERAL INFORMATION
fixed length control field 250716b |||||||| |||| 00| 0 eng d
020 ## - INTERNATIONAL STANDARD BOOK NUMBER
International Standard Book Number 1550111949
050 ## - LIBRARY OF CONGRESS CALL NUMBER
Classification number BS 2624
Item number HYN
100 ## - MAIN ENTRY--PERSONAL NAME
Personal name HYNES, WILLIAM J.
245 ## - TITLE STATEMENT
Title THE REVELATION
Remainder of title The History of Tomorrow
Statement of responsibility, etc. WILLIAM J. HYNES
250 ## - EDITION STATEMENT
Edition statement VOLUME 2
260 ## - PUBLICATION, DISTRIBUTION, ETC.
Place of publication, distribution, etc. ONTARIO
Name of publisher, distributor, etc. WELCH PUBLISHING
Date of publication, distribution, etc. c1991
300 ## - PHYSICAL DESCRIPTION
Extent x, 150p.;
942 ## - ADDED ENTRY ELEMENTS (KOHA)
Source of classification or shelving scheme Library of Congress Classification
Koha item type Books
Suppress in OPAC No
999 ## -
-- 7012
-- 7012
Holdings
Withdrawn status Lost status Source of classification or shelving scheme Damaged status Not for loan Collection Home library Current library Shelving location Date acquired Total checkouts Full call number Barcode Date last seen Copy number Price effective from Koha item type
    Library of Congress Classification     Non-fiction Undergraduate Library (Christ Temple) Undergraduate Library (Christ Temple) General stacks 07/16/2025   BS 2624 HYN ulct00003908 07/16/2025 1 07/16/2025 Books
© 2023-2024 Copyright: Central University Libraries. All Rights Reserved | Created by: Mahone Tech Office